000
00245nam a22001217a 4500
008
171025b xxu||||| |||| 00| 0 eng d
041
_a
eng
080
_a
33
100
_a
54
101
_a
ECO
245
_a
ECONOMICS
_c
SOBEL.G
942
_2
udc
_c
BK
999
_c
35909
_d
35909